Score 0/22 Timer 05:00
0 Plays Today
% Correct
Nip
84.3%
Feast
80.8%
Knock
78%
Pass
77.6%
Food
77.4%
Shed
76.4%
Chew
76.3%
Run
73.3%
Rank
72.2%
Bite
70.6%
Do
68.5%
% Correct
Hand
68.1%
Life
66.1%
Get
60.5%
Cool
59.4%
Take
58.5%
Worth
56.8%
Butter
51.8%
Town
41.3%
Staff
40.1%
Warp
36.1%
In
35.8%
Remove Ads.
Support Sporcle.
Get the best of Sporcle when you Go Orange. This ad-free experience offers more features, more stats, and more fun while also helping to support Sporcle. Thank you for becoming a member.

You're not logged in!

Compare scores with friends on all Sporcle quizzes.
OR
Log In

Show Comments

Extras

Top Quizzes Today


Score Distribution

Your Account Isn't Verified!

In order to create a playlist on Sporcle, you need to verify the email address you used during registration. Go to your Sporcle Settings to finish the process.

Report this User

Report this user for behavior that violates our Community Guidelines.

Details: